00446 2200181 4500001002100000005001500021008004100036020001900077035001900096041000700115082001000122090001000132100002600142245002200168260002800190300001800218650002800236INLIS00000000001517920241224114902241224||||||||| | ||| |||| || |  a1-84236-5368-x 0010-1224015179 aid0 a591.5 a591.50 aCamila de la Bedoyere00a100 fakta tentang aBandungbExamediac2008 a48hlm;17x25cm 0ailmu llmu Tentang Hewan